Countries That Aided Ukraine - Sudden Death - Statistics

General Stats
  • This quiz has been taken 2,162 times
  • The average score is 4 of 19
Answers on the Grid
Answers color-coded by a green-red scale on the quiz's grid according to % correct below.
Albania
Angola
Argentina
Armenia
Australia
Azerbaijan
Bosnia and Herzegovina
Burkina Faso
Cambodia
Colombia
Cyprus
Dominican Republic
Hungary
Iceland
India
Japan
Jordan
Kyrgyzstan
Mexico
Moldova
Mongolia
Morocco
Oman
Pakistan
Poland
Portugal
Saudi Arabia
Serbia
Slovakia
South Korea
Sudan
Switzerland
 
Answer Stats
Answer % Correct
Australia
62%
Poland
61%
Portugal
43%
Japan
41%
Slovakia
37%
South Korea
36%
Iceland
34%
Hungary
31%
Albania
30%
Argentina
16%
Cyprus
13%
Azerbaijan
7%
Serbia
6%
Colombia
4%
Jordan
4%
Cambodia
3%
Morocco
3%
Pakistan
1%
Sudan
1%
No matching quizzes found
Score Distribution
Percent of People with Each Score
Percentile by Number Answered
Your Score History
You have not taken this quiz